African customary law : developing an African jurisprudence : introduction to African customary law /

Saved in:
Bibliographic Details
Main Author: Onyoyo, Peter Onyango
Format: Book
Published: Nairobi Law Africa Publishing (K) Ltd c2013
Edition:Second edition.
Subjects:
Tags: Add Tag
No Tags, Be the first to tag this record!

MARC

LEADER 00000cam a2200000 i 4500
020 |a 9789966530721 
040 |a MUL  |b eng  |e AACR 
082 |a 340.1 ONY 
100 1 |a Onyoyo, Peter Onyango, 
245 1 0 |a African customary law :  |b developing an African jurisprudence : introduction to African customary law /  |c / Peter Onyango Onyoyo. 
250 |a Second edition. 
260 |a Nairobi  |b Law Africa Publishing (K) Ltd  |c c2013 
300 |a xxiii, 220 pages ;  |c 21 cm 
504 |a Includes bibliographical references (pages 215-220). 
650 0 |a Customary law  |z Africa. 
942 |c BK 
999 |c 692  |d 692